Les meilleurs buteurs du pied gauche en club au 21eme siècle. - Statistiques

Statistiques générales
  • Ce quiz a été pris 93 fois
  • Le résultat moyen est 7 sur 10
Statistiques - réponses
Buts pied
gauche
Joueurs Nationalité % de match
avec but
pied gauche
% Correct
610 Lionel Messi Argentine 68%
100%
226 Mohamed Salah Egypte 35%
96%
171 Erling Haaland Norvége 54%
92%
144 Cristiano Ronaldo Portugal 14%
85%
189 Antoine Griezmann France 26%
80%
148 Romelu Lukaku Belgique 22%
74%
143 Angel Di Maria Argentine 18%
73%
146 Arjen Robben Pays-Bas 24%
64%
252 Hulk Brésil 31%
22%
166 Lukas Podolski Allemagne 25%
16%
Aucun quiz correspondant
Distribution des résultats
% des personnes avec chaque résultat
Percentile par nombre de réponses
Votre historique - résultats
Vous n’avez pas pris ce quiz